| 000 | 00753nmc a2200277 a 4500 | ||
|---|---|---|---|
| 003 | AR-BaBNM | ||
| 005 | 20251128205028.0 | ||
| 008 | 126019s1993 ||||||||||||||000 | spa|| | ||
| 020 | _a970-05-0469-7 | ||
| 040 | _cAR-BaBNM | ||
| 100 | 1 | _aParedes, Alberto | |
| 245 | 1 | 0 |
_aManual de técnicas narrativas _blas voces del relato |
| 260 |
_aMéxico, D.F. _bGrijalbo _c1993 |
||
| 300 | _a105 p. | ||
| 490 | 0 | _aInterdisciplinaria | |
| 500 | _aIndice analítico en p. 103 | ||
| 500 | _aIndice onomástico en p. 107 | ||
| 504 | _aContiene bibliografía en p. 101 | ||
| 650 | 4 | _aANALISIS LITERARIO | |
| 650 | 4 | _aREDACCION | |
| 650 | 4 | _aRECURSOS LITERARIOS | |
| 650 | 4 | _aESTILO LITERARIO | |
| 655 | _aLITERATURA | ||
| 942 | _cBK | ||
| 998 | _cisola | ||
| 999 |
_c9711 _d9711 |
||